| 000 | 01156nam0a22002771 4500 | ||
|---|---|---|---|
| 001 | rc\2814737 | ||
| 005 | 20260406084554.0 | ||
| 035 | _a(NLR Aleph) 006940517 | ||
| 090 |
_a7637053 _c7637053 |
||
| 100 | _a20110915d1945 u y0rusy50 ca | ||
| 101 | 0 | _arus | |
| 102 | _aRU | ||
| 105 | _aa z ||||| | ||
| 200 | 1 |
_aОснования и фундаменты _fБ. Д. Васильев, д-р техн. наук, проф. _gВысш. инж.-техн. Краснознам. училище ВМФ |
|
| 210 |
_aМосква _aЛенинград _cИзд. и 2-я типолит. Военмориздата _d1945 _eЛенинград |
||
| 215 |
_a583 с. _cил., черт. _d25 см. |
||
| 320 | _aБиблиогр.: "Указатель лит-ры", стр. 575-78 | ||
| 700 | 1 |
_7ca _8rus _aВасильев _bБ. Д. _cд-р техн. наук _f1890-1963 _gБорис Дмитриевич _3RU\NLR\AUTH\770279213 _92651180 |
|
| 801 | 0 |
_aRU _bNLR _gpsbo |
|
| 801 | 1 |
_aRU _bELAR _2rusmarc |
|
| 852 |
_aNLR _jТ80 Г-7/46 |
||
| 942 | _cBOOK | ||
| 945 | _aРоссийская национальная библиотека | ||
| 980 | _aNB | ||
| 980 | _aBV | ||